<?xml version="1.0" encoding="UTF-8"?><?xml-stylesheet type="text/xsl" href="static/style.xsl"?><OAI-PMH xmlns="http://www.openarchives.org/OAI/2.0/" xmlns:xsi="http://www.w3.org/2001/XMLSchema-instance" xsi:schemaLocation="http://www.openarchives.org/OAI/2.0/ http://www.openarchives.org/OAI/2.0/OAI-PMH.xsd"><responseDate>2026-04-14T07:33:08Z</responseDate><request verb="GetRecord" identifier="oai:www.recercat.cat:10230/25216" metadataPrefix="marc">https://recercat.cat/oai/request</request><GetRecord><record><header><identifier>oai:recercat.cat:10230/25216</identifier><datestamp>2025-12-13T20:59:00Z</datestamp><setSpec>com_2072_6</setSpec><setSpec>col_2072_452954</setSpec></header><metadata><record xmlns="http://www.loc.gov/MARC21/slim" xmlns:dcterms="http://purl.org/dc/terms/" xmlns:xsi="http://www.w3.org/2001/XMLSchema-instance" xmlns:doc="http://www.lyncode.com/xoai" xsi:schemaLocation="http://www.loc.gov/MARC21/slim http://www.loc.gov/standards/marcxml/schema/MARC21slim.xsd">
   <leader>00925njm 22002777a 4500</leader>
   <datafield ind2=" " ind1=" " tag="042">
      <subfield code="a">dc</subfield>
   </datafield>
   <datafield ind2=" " ind1=" " tag="720">
      <subfield code="a">Krafft Vico, Andrea</subfield>
      <subfield code="e">author</subfield>
   </datafield>
   <datafield ind2=" " ind1=" " tag="260">
      <subfield code="c">2015-11-25T14:39:29Z</subfield>
   </datafield>
   <datafield ind2=" " ind1=" " tag="260">
      <subfield code="c">2015-11-25T14:39:29Z</subfield>
   </datafield>
   <datafield ind2=" " ind1=" " tag="260">
      <subfield code="c">2015</subfield>
   </datafield>
   <datafield ind2=" " ind1=" " tag="520">
      <subfield code="a">Treball de fi de grau d&amp;apos;Humanitats. Curs 2014-2015</subfield>
   </datafield>
   <datafield ind2=" " ind1=" " tag="520">
      <subfield code="a">Directora: Isabel Valverde Zaragoza</subfield>
   </datafield>
   <datafield ind2=" " ind1=" " tag="520">
      <subfield code="a">La pintura de paisaje escandinava a finales del siglo XIX supone un cambio de paradigma en cuanto a la interpretación del paisaje como tal, dando lugar a una re-valorización de carácter subjetivo de la naturaleza, que pone en relación directa la experiencia del artista con el paisaje. La necesidad por parte de los artistas escandinavos y de muchos intelectuales del fin-de-siècle por encontrar y forjar un ideario o una identidad nacional propia convierte a la naturaleza y al paisaje escandinavos en uno de los principales escenarios en representación de esta voluntad. Asimismo, esta nueva manera de concebir la naturaleza a través de la mirada del artista se relaciona con la voluntad de representar su nación. La inmensidad de la naturaleza y el carácter “salvaje” que determina el vasto paisaje escandinavo constituirá una categoría fundamental en la cuestión identitaria.</subfield>
   </datafield>
   <datafield tag="653" ind2=" " ind1=" ">
      <subfield code="a">Art escandinau</subfield>
   </datafield>
   <datafield tag="653" ind2=" " ind1=" ">
      <subfield code="a">Nacionalisme i art -- Escandinàvia</subfield>
   </datafield>
   <datafield tag="653" ind2=" " ind1=" ">
      <subfield code="a">Escandinàvia</subfield>
   </datafield>
   <datafield ind2="0" ind1="0" tag="245">
      <subfield code="a">Naturalezas del Norte: Pintura de paisaje como símbolo nacional en la Escandinavia del fin-de-siècle.</subfield>
   </datafield>
</record></metadata></record></GetRecord></OAI-PMH>